000 00783nam a2200241 i 4500
001 170427
003 ES-MaACL
005 20240209063121.0
008 090304s1985 sp |||| | spa d
017 _aM 32215-1985
020 _a84-7525-301-6
080 _a806.0-321.4
100 1 _aMartínez de Sousa, José,
_d1933-
_978033
245 1 0 _aDiccionario de ortografía /
_cJosé Martínez de Sousa.
250 _a1ª ed.
260 _aMadrid :
_bEdiciones Generales Anaya,
_c1985.
300 _a357 p. ;
_c22 cm.
500 _aÍndice.
504 _aBibliografía: p.313-331.
650 0 4 _aLengua española-
_xOrtografía-
_vDiccionarios.
_9139587
852 4 _aES-MaACL
_jE-12472
_9R.140085
_z. - Biblioteca Jacinto Martínez Lacalle
999 _c170427
_d170427